Statistics for F1 2014-2018

Click here to take the quiz!

General Stats

  • This quiz has been taken 40 times
  • The average score is 7 of 15

Answer Stats

QuestionAnswer% Correct
What era of F1 began in 2014?The turbo-hybrid era
78%
Haas were new in 2016 there drivers were Romain Grosjean and?Esteban Gutierrez
69%
Who did Max Verstappen overtake on the last lap of the 2017 US grand prix, only to have it disallowed by track limits?Kimi Raikonnen
64%
Where did Sebastian Vettel win his first race for Ferrari?Malaysia
58%
Who flipped over Nico Hulkenberg at the 2018 Abu Dhabi Grand Prix?Romain Grosjean
58%
How many points did Lewis Hamilton gain in the 2014 Abu Dhabi Grand Prix?50
56%
Esteban Ocon made his debut in 2016, for what team?Manor
56%
Which F1 driver made there debut in 2017 as a replacement for the injured Pascal Wehrlein?Antonio Giovinazzi
53%
Who came a shock 4th in the 2018 Bahrain Grand Prix?Pierre Gasly
47%
What caused Lewis Hamilton to retire from qualifying at the 2018 German Grand prix?Hydraulic Failiure
39%
Lewis and Nico came to blows twice in 2016, where had they previously crashed in 2014?Spa
33%
Where did Lewis Hamilton start the 2017 Singapore Grand prix?6th
31%
Where was Valterri Bottas's first win in 2018?Nowhere
31%
Which Red Bull driver scored the most points in 2015?Danil Kvyat
28%
At what track did Lewis win the championship?USA
17%

Score Distribution

Percentile by Number Answered

Percent of People with Each Score

Your Score History

You have not taken this quiz